| 000 | 02926nam0a2200457 i 4500 | ||
|---|---|---|---|
| 001 | RU\NLR\bibl\1887442 | ||
| 005 | 20260406010108.0 | ||
| 010 |
_a9785846511217 _9500 |
||
| 021 |
_aRU _b2012-17326 _91307 |
||
| 035 | _a(nilc)LIBNET\0000244284 | ||
| 035 | _a(NLR Aleph) 001877166 | ||
| 090 |
_a2740839 _c2740839 |
||
| 100 | _a20120529d2011 u y0rusy50 ca | ||
| 101 | 0 |
_arus _deng |
|
| 102 | _aRU | ||
| 105 | _aa ||||||||| | ||
| 200 | 1 |
_aВоенное дело древних кочевников Монголии (II тысячелетие - III век до н.э.) _dWarfare of the ancient nomads of Mongolia (2nd millennium - 3rd century B.C.) _fЮ.С. Худяков, Н. Эрдэнэ-Очир _gРАН, Сиб. отд-ние, Ин-т археологии и этнографии [и др.] _zeng |
|
| 210 |
_aСанкт-Петербург _cФилологический факультет Санкт-Петербургского государственного университета _cНестор-История _d2011 |
||
| 215 |
_a168, [3] с., [4] л. цв. ил. _cил. _d25 |
||
| 225 | 1 |
_aСерия "Historia militaris" _eисследования по военному делу Древности и Средневековья _fред. совет: Ю.А. Виноградов [и др.] |
|
| 300 | _aАвт. также на англ. яз.: Yuly S. Khudjakov and Nasan-Ochir Erdene-Ochir | ||
| 300 | _aНа 4-й с. обл. авт.: Худяков Ю.С. - археолог, оружиевед, д.ист.н., проф., акад. РАЕН и НАН Кыргыз. Респ., засл. деят. науки Кыргыз. Респ., Эрдэнэ-Очир Н.-О. - археолог, оружиевед. | ||
| 300 | _aВ вып.дан. 2-й авт.: Эрдэнэ-Очир Насан-Очир | ||
| 300 | _aРез. на англ. яз. | ||
| 320 | _aБиблиогр.: с. 161-169 | ||
| 510 | 0 |
_6z11790 _aWarfare of the ancient nomads of Mongolia (2nd millennium - 3rd century B.C.) _zeng |
|
| 606 | 1 |
_aВоенное дело _xИстория _yМонголия _zДревний период _92118418 _3RU\NLR\auth\661583080 |
|
| 686 |
_aТ4(54Мо) _vLBC/SL _2rubbk |
||
| 686 |
_aТ4(54Мо)26-411 _vLBC/SL _2rubbk |
||
| 686 |
_aТ4(54Мо)27-411 _vLBC/SL _2rubbk |
||
| 686 | _aЦ.г(5Мо) | ||
| 700 | 1 |
_4070 _8rus _7ca _aХудяков _bЮ. С. _f1947- _gЮлий Сергеевич _3RU\NLR\auth\7765414 _948343 |
|
| 701 | 1 |
_4070 _8rus _7ca _aЭрдэнэ-Очир _bН. _gНасан _3RU\NLR\auth\77115569 _998494 |
|
| 790 | 1 |
_4070 _8rus _7ba _aChudjakov _bJu. S. _f1947- _gJulij Sergeevič _3RU\NLR\auth\7784294 _967222 |
|
| 790 | 1 |
_4070 _8rus _7ba _aÉrdéné-Očir _bN. _gNasan _3RU\NLR\auth\77115570 _998495 |
|
| 801 | 0 |
_aRU _bГПИБ России _c20120529 _grcr |
|
| 801 | 1 |
_aRU _bГПИБ России _c20120529 _grcr _2rusmarc |
|
| 801 | 2 |
_aRU _bNLR _c20120314 _grcr |
|
| 942 | _cBOOK | ||
| 980 | _aNBR | ||